Some aspects of potassium nutrition in rubber (Hevea brasiliensis) (Record no. 68927)

MARC details
000 -LEADER
fixed length control field 00442nam a2200145Ia 4500
100 ## - MAIN ENTRY--AUTHOR NAME
Personal name Samarappuli Lalani
245 #0 - TITLE STATEMENT
Title Some aspects of potassium nutrition in rubber (Hevea brasiliensis)
260 ## - PUBLICATION, DISTRIBUTION, ETC. (IMPRINT)
Name of publisher Bulletin of the Rubber Research Institute of Sri Lanka
Year of publication 2008
300 ## - PHYSICAL DESCRIPTION
Number of Pages 78-84
650 ## - SUBJECT ADDED ENTRY--TOPICAL TERM
Topical Term Potassium nutrition
700 ## - ADDED ENTRY--PERSONAL NAME
Personal name Edirimanne V
700 ## - ADDED ENTRY--PERSONAL NAME
Personal name Thevarapperuma A
942 ## - ADDED ENTRY ELEMENTS (KOHA)
Koha item type Journals
Holdings
Withdrawn status Lost status Damaged status Not for loan Home library Current library Shelving location Date acquired Serial Enumeration / chronology Koha item type
      Journals RRII Library RRII Library Crop management 18/03/2009 Volume 49, Issue .. Journals